| 000 -LEADER |
| fixed length control field |
00945nam a22001817a 4500 |
| 005 - DATE AND TIME OF LATEST TRANSACTION |
| control field |
20241029092218.0 |
| 008 - FIXED-LENGTH DATA ELEMENTS--GENERAL INFORMATION |
| fixed length control field |
241029b ||||| |||| 00| 0 eng d |
| 040 ## - CATALOGING SOURCE |
| Transcribing agency |
SSBUL |
| 041 ## - LANGUAGE CODE |
| Language code of text/sound track or separate title |
Myanmar |
| 082 ## - DEWEY DECIMAL CLASSIFICATION NUMBER |
| Edition number |
23 |
| Classification number |
၂၉၄.၃၄၄၃၃ ဓာ |
| Item number |
၁၃၁၈၀ S-SAT |
| 245 0# - TITLE STATEMENT |
| Title |
ဓာတုဃရမဟာထာဝရကျောက်စေတီတော်၊ အတုလမဟာမြကျောက်စေတီ သမိုင်းအကျဉ်းနှင့်ဝတ်ရွတ်စဉ်။ |
| 260 ## - PUBLICATION, DISTRIBUTION, ETC. |
| Place of publication, distribution, etc. |
မန္တလေး ၊ |
| Name of publisher, distributor, etc. |
တက်နေလင်းပုံနှိပ်တိုက်၊ |
| Date of publication, distribution, etc. |
၁၉၆၉။ |
| 300 ## - PHYSICAL DESCRIPTION |
| Extent |
၁၃၉ စာမျက်နှာ ၊ |
| Other physical details |
၂၀ စင်တီ။ |
| 500 ## - GENERAL NOTE |
| General note |
S-SAT: Dr. Sai Aung Tun |
| 650 ## - SUBJECT ADDED ENTRY--TOPICAL TERM |
| Topical term or geographic name entry element |
ဝတ်ရွတ်စဉ် |
| 9 (RLIN) |
55097 |
|
| Topical term or geographic name entry element |
အတုလမဟာမြကျောက်စေတီ |
| Form subdivision |
သမိုင်း |
| 9 (RLIN) |
55098 |
| 942 ## - ADDED ENTRY ELEMENTS (KOHA) |
| Source of classification or shelving scheme |
|
| Koha item type |
Book (Short term) |